Manowar - Warriors of the World United - Statistics

Estatísticas Gerais
  • Esse quiz foi jogado 2 vezes
  • A pontuação média é 287 de 345
Estatísticas das Respostas
Resposta % Correto
a
100%
air
100%
all
100%
All
100%
and
100%
And
100%
are
100%
around
100%
battle
100%
be
100%
Brothers
100%
brothers
100%
by
100%
die
100%
everywhere
100%
fight
100%
from
100%
hands
100%
horse
100%
I
100%
in
100%
into
100%
is
100%
Like
100%
metal
100%
my
100%
of
100%
raise
100%
side
100%
sky
100%
sworn
100%
the
100%
The
100%
thunder
100%
to
100%
To
100%
true
100%
warriors
100%
We
100%
we
100%
weapons
100%
we're
100%
We're
100%
who
100%
world
100%
you
100%
your
100%
again
50%
against
50%
alone
50%
before
50%
beneath
50%
blood
50%
bring
50%
bringing
50%
but
50%
call
50%
charge
50%
confess
50%
cry
50%
destruction
50%
dreams
50%
dry
50%
fall
50%
family
50%
fear
50%
feeble
50%
fighting
50%
fill
50%
final
50%
first
50%
for
50%
Gather
50%
gathered
50%
gods
50%
hall
50%
hammer
50%
hear
50%
Here
50%
here
50%
hour
50%
how
50%
If
50%
king
50%
lie
50%
life
50%
line
50%
live
50%
man
50%
Many
50%
near
50%
never
50%
now
50%
one
50%
our
50%
out
50%
own
50%
pain
50%
power
50%
rain
50%
real
50%
return
50%
right
50%
said
50%
shall
50%
should
50%
soldiers
50%
sound
50%
stand
50%
Stand
50%
steal
50%
steel
50%
strong
50%
suffering
50%
swear
50%
swords
50%
tell
50%
that
50%
their
50%
them
50%
then
50%
There
50%
they
50%
together
50%
Until
50%
upon
50%
us
50%
victory
50%
wait
50%
Waiting
50%
way
50%
will
50%
win
50%
wind
50%
with
50%
With
50%
would
50%
died
0%
warrios
0%
Nenhum quiz correspondente encontrado
Distribuição das Pontuações
Porcentagem de Pessoas com Cada Pontuação
Percentil de Números Respondidos
Sua Pontuação Histórica
Você não jogou esse quiz